[Event "Commonwealth Open 2019"]
[Site "Delhi"]
[Date "2019.06.30"]
[Round "2.30"]
[White "Hanif, Mollah"]
[Black "Sharma Isha"]
[Result "1/2-1/2"]
[WhiteElo "1650"]
[BlackElo "2151"]
[Annotator "NA"]
[PlyCount "115"]
[EventDate "2019.06.30"]
[EventType "swiss"]
[EventCountry "IND"]
[SourceTitle "playchess.com"]
[Source "ChessBase"]
[SourceQuality "1"]
[TimeControl "5400+30"]

1. e4 {[%emt 0:11:31]} d6 {[%emt 0:00:06]} 2. d4 {[%emt 0:00:15]} Nf6 {[%emt 0:00:05]} 3. Nc3 {[%emt 0:00:15]} e5 {[%emt 0:00:04]} 4. Nf3 {[%emt 0:00:37]} Nbd7 {[%emt 0:00:04]} 5. Bc4 {[%emt 0:01:12]} Be7 {[%emt 0:00:05]} 6. O-O {[%emt 0:00:35]} O-O {[%emt 0:00:05]} 7. h3 {[%emt 0:02:49]} c6 {[%emt 0:03:32]} 8. Bb3 {[%emt 0:00:16]} b5 {[%emt 0:01:38]} 9. a3 {[%emt 0:00:28]} a5 {[%emt 0:00:42]} 10. Qe2 {[%emt 0:06:25]} Ba6 {[%emt 0:00:09]} 11. Qe3 {[%emt 0:05:34]} b4 {[%emt 0:04:59]} 12. Ne2 {[%emt 0:00:11]} c5 {[%emt 0:00:11]} 13. dxe5 {[%emt 0:00:43]} dxe5 {[%emt 0:00:05]} 14. Rd1 {[%emt 0:01:48]} c4 {[%emt 0:00:41]} 15. Ba4 {[%emt 0:00:45]} Bc5 {[%emt 0:02:18]} 16. Qd2 {[%emt 0:04:42]} Bxf2+ {[%emt 0:00:54]} 17. Kf1 {[%emt 0:02:12]} c3 {[%emt 0:15:10]} 18. bxc3 {[%emt 0:06:31]} Nxe4 {[%emt 0:00:20]} 19. Qxd7 {[%emt 0:00:48]} Qb6 {[%emt 0:00:04]} 20. Rd3 {[%emt 0:04:00]} Rad8 {[%emt 0:00:17]} 21. Qc6 {[%emt 0:01:30]} Rxd3 {[%emt 0:00:23]} 22. cxd3 {[%emt 0:00:47]} Bxd3 {[%emt 0:00:09]} 23. Qxb6 {[%emt 0:00:14]} Bxb6 {[%emt 0:00:04]} 24. Nxe5 {[%emt 0:02:36]} Bxe2+ {[%emt 0:05:46]} 25. Kxe2 {[%emt 0:02:42]} Nxc3+ {[%emt 0:00:08]} 26. Kf3 {[%emt 0:00:28]} Nxa4 {[%emt 0:01:06]} 27. axb4 {[%emt 0:00:19]} Nc3 {[%emt 0:00:26]} 28. Nd7 {[%emt 0:04:04]} axb4 {[%emt 0:05:17]} 29. Nxb6 {[%emt 0:02:22]} f6 {[%emt 0:02:49]} 30. Ra8 {[%emt 0:01:37]} Rxa8 {[%emt 0:00:12]} 31. Nxa8 {[%emt 0:00:02]} Na4 {[%emt 0:00:07]} 32. Ke3 {[%emt 0:03:14]} b3 {[%emt 0:00:12]} 33. Kd2 {[%emt 0:00:16]} b2 {[%emt 0:00:21]} 34. Bxb2 {[%emt 0:00:35]} Nxb2 {[%emt 0:00:04]} 35. Nb6 {[%emt 0:00:21]} Kf7 {[%emt 0:00:51]} 36. Kc2 {[%emt 0:00:03]} Ke6 {[%emt 0:00:34]} 37. Kxb2 {[%emt 0:00:03]} Ke5 {[%emt 0:00:13]} 38. Kc2 Kf4 39. Nc4 {[%emt 0:02:40]} Kg3 {[%emt 0:00:59]} 40. Ne3 {[%emt 0:00:03]} g6 {[%emt 0:00:03]} 41. Kd2 {[%emt 0:00:07]} f5 {[%emt 0:00:22]} 42. Ke2 {[%emt 0:02:43]} f4 {[%emt 0:00:37]} 43. Nd5 {[%emt 0:02:01]} Kxg2 {[%emt 0:00:07]} 44. Nxf4+ {[%emt 0:00:04]} Kg3 {[%emt 0:00:04]} 45. Ke3 {[%emt 0:00:27]} g5 {[%emt 0:00:14]} 46. Ne6 {[%emt 0:03:50]} h6 {[%emt 0:00:08]} 47. Nd4 {[%emt 0:00:32]} Kxh3 {[%emt 0:00:16]} 48. Kf2 {[%emt 0:00:04]} h5 {[%emt 0:02:53]} 49. Kg1 {[%emt 0:00:11]} Kg3 {[%emt 0:01:26]} 50. Ne2+ {[%emt 0:04:16]} Kf3 {[%emt 0:00:28]} 51. Nd4+ {[%emt 0:00:17]} Ke4 {[%emt 0:00:20]} 52. Ne2 {[%emt 0:01:01]} h4 {[%emt 0:00:23]} 53. Kg2 {[%emt 0:00:12]} Ke3 {[%emt 0:01:03]} 54. Ng1 {[%emt 0:00:54]} g4 {[%emt 0:00:19]} 55. Nh3 {[%emt 0:00:26]} g3 {[%emt 0:01:03]} 56. Ng5 {[%emt 0:00:15]} Kf4 {[%emt 0:00:08]} 57. Nh3+ {[%emt 0:00:02]} Kg4 {[%emt 0:00:05]} 58. Ng1 1/2-1/2

[Event "Commonwealth Open 2019"]
[Site "Delhi"]
[Date "2019.07.01"]
[Round "3.1"]
[White "Thipsay, Praveen M"]
[Black "Gupta, Abhijeet"]
[Result "0-1"]
[WhiteElo "2405"]
[BlackElo "2606"]
[Annotator "ChessBase"]
[PlyCount "70"]
[EventDate "2019.06.30"]
[EventType "swiss"]
[EventCountry "IND"]
[SourceTitle "playchess.com"]
[Source "ChessBase"]
[SourceQuality "1"]
[TimeControl "5400+30"]

1. e4 {[%emt 0:00:00]} c5 {[%emt 0:00:00]} 2. Nf3 {[%emt 0:00:00]} d6 {[%emt 0:00:00]} 3. d4 {[%emt 0:00:04]} cxd4 {[%emt 0:00:00]} 4. Nxd4 {[%emt 0:00:12]} Nf6 {[%emt 0:00:00]} 5. Nc3 {[%emt 0:00:14]} Nc6 {[%emt 0:00:00]} 6. Bc4 {[%emt 0:00:51]} e6 {[%emt 0:00:00]} 7. Be3 {[%emt 0:00:15]} a6 {[%emt 0:00:03]} 8. O-O {[%emt 0:00:35]} Be7 {[%emt 0:02:12]} 9. Bb3 {[%emt 0:00:13]} Qc7 {[%emt 0:01:05]} 10. f4 {[%emt 0:03:01]} b5 {[%emt 0:07:33]} 11. f5 {[%emt 0:07:13]} Nxd4 {[%emt 0:01:09]} 12. Bxd4 {[%emt 0:00:24]} b4 {[%emt 0:00:25]} 13. Na4 {[%emt 0:16:09]} e5 {[%emt 0:02:34]} 14. Be3 {[%emt 0:07:13]} Rb8 {[%emt 0:01:24]} 15. c3 {[%emt 0:04:35]} O-O {[%emt 0:02:28]} 16. cxb4 {[%emt 0:00:24]} Rxb4 {[%emt 0:03:31]} 17. Nc3 {[%emt 0:04:43]} Bb7 {[%emt 0:02:00]} 18. Rc1 {[%emt 0:16:37]} Qb8 {[%emt 0:01:43]} 19. a3 {[%emt 0:03:56]} Rxe4 {[%emt 0:00:23]} 20. Nxe4 {[%emt 0:00:13]} Bxe4 {[%emt 0:00:07]} 21. Rf2 {[%emt 0:02:39]} h6 {[%emt 0:02:54]} 22. Bc2 {[%emt 0:15:21]} Ba8 {[%emt 0:04:01]} 23. b4 {[%emt 0:00:05]} d5 {[%emt 0:08:39]} 24. Bc5 {[%emt 0:00:09]} Bxc5 {[%emt 0:00:18]} 25. bxc5 {[%emt 0:00:05]} d4 {[%emt 0:00:04]} 26. Ba4 {[%emt 0:12:58]} Rc8 {[%emt 0:05:08]} 27. c6 {[%emt 0:02:40]} Ne4 {[%emt 0:00:41]} 28. Rfc2 {[%emt 0:00:21]} Nc3 {[%emt 0:04:58]} 29. Rxc3 {[%emt 0:00:37]} dxc3 {[%emt 0:00:03]} 30. Rxc3 {[%emt 0:00:13]} Bxc6 {[%emt 0:01:03]} 31. Qc1 {[%emt 0:01:03]} Bb7 {[%emt 0:01:00]} 32. h3 {[%emt 0:02:01]} Qa7+ {[%emt 0:01:11]} 33. Kf1 {[%emt 0:00:08]} Rd8 {[%emt 0:04:47]} 34. Rc7 {[%emt 0:00:50]} Qb6 {[%emt 0:01:51]} 35. Rc5 {[%emt 0:00:44]} Rd4 {[%emt 0:01:30]} 0-1

[Event "Commonwealth Open 2019"]
[Site "Delhi"]
[Date "2019.07.01"]
[Round "3.2"]
[White "Nitin, S.."]
[Black "Aravindh, Chithambaram Vr."]
[Result "0-1"]
[WhiteElo "2398"]
[BlackElo "2598"]
[Annotator "ChessBase"]
[PlyCount "68"]
[EventDate "2019.06.30"]
[EventType "swiss"]
[EventCountry "IND"]
[SourceTitle "playchess.com"]
[Source "ChessBase"]
[SourceQuality "1"]
[TimeControl "5400+30"]

1. e4 {[%emt 0:00:04]} c5 {[%emt 0:00:00]} 2. Nf3 {[%emt 0:00:09]} d6 {[%emt 0:00:00]} 3. d4 {[%emt 0:00:26]} cxd4 {[%emt 0:00:00]} 4. Qxd4 {[%emt 0:00:18]} Nf6 {[%emt 0:00:00]} 5. h3 {[%emt 0:06:53]} g6 {[%emt 0:00:12]} 6. Be2 {[%emt 0:00:42]} Bg7 {[%emt 0:00:07]} 7. O-O {[%emt 0:01:05]} O-O {[%emt 0:00:08]} 8. Qe3 {[%emt 0:10:28]} Nbd7 {[%emt 0:00:20]} 9. c4 {[%emt 0:01:47]} b6 {[%emt 0:00:20]} 10. Nc3 {[%emt 0:00:23]} Bb7 {[%emt 0:00:08]} 11. Rb1 {[%emt 0:04:08]} Nc5 {[%emt 0:00:25]} 12. Nd2 {[%emt 0:00:25]} e6 {[%emt 0:01:05]} 13. Bf3 {[%emt 0:17:58]} d5 {[%emt 0:04:27]} 14. Qe2 {[%emt 0:05:51]} d4 {[%emt 0:10:54]} 15. Nd1 {[%emt 0:00:28]} e5 {[%emt 0:13:37]} 16. b4 {[%emt 0:05:15]} Ne6 {[%emt 0:01:06]} 17. g3 {[%emt 0:06:26]} a5 {[%emt 0:08:17]} 18. a3 {[%emt 0:02:00]} axb4 {[%emt 0:02:33]} 19. axb4 {[%emt 0:01:18]} Bh6 {[%emt 0:06:10]} 20. Qd3 {[%emt 0:02:26]} Ra4 {[%emt 0:15:49]} 21. Nb2 {[%emt 0:08:40]} Ra7 {[%emt 0:00:28]} 22. Re1 {[%emt 0:03:01]} Qa8 {[%emt 0:00:17]} 23. Bg2 {[%emt 0:05:57]} Ra3 {[%emt 0:06:59]} 24. Qe2 {[%emt 0:00:22]} d3 {[%emt 0:03:34]} 25. Nxd3 {[%emt 0:00:49]} Nd4 {[%emt 0:00:07]} 26. Qf1 {[%emt 0:00:09]} Bxd2 {[%emt 0:00:52]} 27. Bxd2 {[%emt 0:00:32]} Nxe4 {[%emt 0:01:37]} 28. Bh6 {[%emt 0:07:27]} Nd2 {[%emt 0:05:08]} 29. Bxd2 {[%emt 0:00:40]} Bxg2 {[%emt 0:00:06]} 30. Qxg2 {[%emt 0:00:17]} Rxd3 {[%emt 0:07:47]} 31. Be3 {[%emt 0:00:40]} Nf3+ {[%emt 0:00:20]} 32. Kf1 {[%emt 0:00:37]} e4 {[%emt 0:02:19]} 33. Rec1 {[%emt 0:01:30]} Qa2 {[%emt 0:00:12]} 34. Ra1 {[%emt 0:00:19]} Rd1+ {[%emt 0:00:05]} 0-1

[Event "Commonwealth Open 2019"]
[Site "Delhi"]
[Date "2019.07.01"]
[Round "3.3"]
[White "Vaishali, R."]
[Black "Erigaisi, Arjun"]
[Result "1/2-1/2"]
[WhiteElo "2338"]
[BlackElo "2526"]
[Annotator "ChessBase"]
[PlyCount "134"]
[EventDate "2019.06.30"]
[EventType "swiss"]
[EventCountry "IND"]
[SourceTitle "playchess.com"]
[Source "ChessBase"]
[SourceQuality "1"]
[TimeControl "5400+30"]

1. e4 {[%emt 0:00:00]} c5 {[%emt 0:00:00]} 2. Nf3 {[%emt 0:00:01]} d6 {[%emt 0:00:04]} 3. Bb5+ {[%emt 0:00:08]} Nd7 {[%emt 0:00:09]} 4. O-O {[%emt 0:00:10]} a6 {[%emt 0:00:06]} 5. Bd3 {[%emt 0:00:12]} Ngf6 {[%emt 0:03:29]} 6. Re1 {[%emt 0:00:06]} e5 {[%emt 0:01:12]} 7. a4 {[%emt 0:01:39]} b6 {[%emt 0:01:45]} 8. Bc4 {[%emt 0:01:19]} Be7 {[%emt 0:03:49]} 9. c3 {[%emt 0:05:59]} Bb7 {[%emt 0:08:18]} 10. d3 {[%emt 0:06:26]} O-O {[%emt 0:03:58]} 11. Nbd2 {[%emt 0:00:33]} Bc6 {[%emt 0:23:58]} 12. Bb3 {[%emt 0:31:16]} b5 {[%emt 0:02:08]} 13. d4 {[%emt 0:01:33]} exd4 {[%emt 0:12:19]} 14. cxd4 {[%emt 0:00:06]} c4 {[%emt 0:00:06]} 15. Bc2 {[%emt 0:00:08]} Qc7 {[%emt 0:04:19]} 16. d5 {[%emt 0:15:21]} Bb7 {[%emt 0:00:51]} 17. Nd4 {[%emt 0:00:34]} b4 {[%emt 0:05:55]} 18. Nf5 {[%emt 0:05:14]} Rfe8 {[%emt 0:00:31]} 19. b3 {[%emt 0:01:40]} c3 {[%emt 0:08:29]} 20. Nc4 {[%emt 0:00:15]} Bf8 {[%emt 0:00:08]} 21. a5 {[%emt 0:07:52]} Rab8 {[%emt 0:05:31]} 22. Bg5 {[%emt 0:04:35]} h6 {[%emt 0:04:00]} 23. Bxf6 {[%emt 0:03:21]} Nxf6 {[%emt 0:00:07]} 24. Qd4 {[%emt 0:00:04]} Qd8 {[%emt 0:02:51]} 25. Nfe3 {[%emt 0:09:36]} Nd7 {[%emt 0:03:09]} 26. Nb6 {[%emt 0:01:13]} Nxb6 {[%emt 0:01:57]} 27. axb6 {[%emt 0:00:03]} Bc8 {[%emt 0:00:08]} 28. Qxb4 {[%emt 0:00:53]} Rxb6 {[%emt 0:00:06]} 29. Qxc3 {[%emt 0:00:11]} g6 {[%emt 0:00:05]} 30. Nc4 {[%emt 0:02:46]} Rb5 {[%emt 0:00:49]} 31. Qg3 {[%emt 0:00:28]} Rc5 {[%emt 0:01:28]} 32. h3 {[%emt 0:01:14]} a5 {[%emt 0:00:26]} 33. Bd3 {[%emt 0:00:21]} Ba6 {[%emt 0:00:52]} 34. Re2 {[%emt 0:01:00]} Bg7 {[%emt 0:01:46]} 35. Rd1 {[%emt 0:00:37]} a4 {[%emt 0:01:18]} 36. Qxd6 {[%emt 0:00:32]} Qxd6 {[%emt 0:00:29]} 37. Nxd6 {[%emt 0:00:03]} Bxd3 {[%emt 0:00:06]} 38. Red2 {[%emt 0:00:52]} Ra8 {[%emt 0:00:51]} 39. bxa4 {[%emt 0:00:35]} Ba6 {[%emt 0:00:10]} 40. f4 {[%emt 0:00:27]} Bf8 {[%emt 0:00:44]} 41. Nb5 {[%emt 0:00:21]} Rc4 {[%emt 0:00:07]} 42. d6 {[%emt 0:00:33]} Rd8 {[%emt 0:01:09]} 43. Nc7 {[%emt 0:00:36]} Bc8 {[%emt 0:00:39]} 44. e5 {[%emt 0:00:27]} Rxa4 {[%emt 0:00:34]} 45. Nd5 {[%emt 0:00:32]} Be6 {[%emt 0:00:23]} 46. Ne7+ {[%emt 0:00:33]} Kg7 {[%emt 0:00:06]} 47. Nc6 {[%emt 0:00:18]} Rc8 {[%emt 0:00:21]} 48. Nd4 {[%emt 0:00:36]} Bd7 {[%emt 0:00:06]} 49. Rb2 {[%emt 0:00:32]} Rcc4 {[%emt 0:01:21]} 50. Rb7 {[%emt 0:00:34]} Bc8 {[%emt 0:00:15]} 51. Rb8 {[%emt 0:00:30]} Rxd4 {[%emt 0:01:25]} 52. Rxd4 {[%emt 0:00:05]} Rxd4 {[%emt 0:00:04]} 53. Rxc8 {[%emt 0:00:01]} g5 {[%emt 0:00:34]} 54. f5 {[%emt 0:00:40]} Bxd6 {[%emt 0:00:49]} 55. exd6 {[%emt 0:00:12]} Rxd6 {[%emt 0:00:05]} 56. Rc5 {[%emt 0:00:22]} h5 {[%emt 0:00:22]} 57. Kf2 {[%emt 0:00:31]} Rd4 {[%emt 0:00:20]} 58. g3 {[%emt 0:01:16]} Kf6 {[%emt 0:00:14]} 59. Ke3 {[%emt 0:00:40]} Ra4 {[%emt 0:00:07]} 60. Kf3 {[%emt 0:00:10]} Ra3+ {[%emt 0:00:20]} 61. Kg2 {[%emt 0:00:39]} Ra2+ {[%emt 0:00:20]} 62. Kf3 {[%emt 0:00:54]} Rh2 {[%emt 0:01:08]} 63. Rc7 {[%emt 0:00:28]} Rxh3 {[%emt 0:00:34]} 64. Kg2 {[%emt 0:00:12]} g4 {[%emt 0:00:06]} 65. Ra7 {[%emt 0:00:42]} h4 {[%emt 0:00:20]} 66. gxh4 {[%emt 0:00:09]} Rf3 {[%emt 0:00:04]} 67. Rb7 {[%emt 0:00:28]} Ke5 1/2-1/2

[Event "Commonwealth Open 2019"]
[Site "Delhi"]
[Date "2019.07.01"]
[Round "3.4"]
[White "Swapnil, S. Dhopade"]
[Black "Rathnakaran, K.."]
[Result "1/2-1/2"]
[WhiteElo "2488"]
[BlackElo "2338"]
[Annotator "ChessBase"]
[PlyCount "60"]
[EventDate "2019.06.30"]
[EventType "swiss"]
[EventCountry "IND"]
[SourceTitle "playchess.com"]
[Source "ChessBase"]
[SourceQuality "1"]
[TimeControl "5400+30"]

1. Nf3 {[%emt 0:00:00]} g6 {[%emt 0:00:00]} 2. d4 {[%emt 0:00:34]} Bg7 {[%emt 0:00:00]} 3. g3 {[%emt 0:00:09]} d6 {[%emt 0:00:00]} 4. Bg2 {[%emt 0:00:30]} Nd7 {[%emt 0:00:00]} 5. c4 {[%emt 0:06:19]} e5 {[%emt 0:00:07]} 6. Nc3 {[%emt 0:00:05]} Ne7 {[%emt 0:00:15]} 7. O-O {[%emt 0:00:09]} O-O {[%emt 0:00:06]} 8. e4 {[%emt 0:04:00]} h6 {[%emt 0:00:09]} 9. Be3 {[%emt 0:06:40]} f5 {[%emt 0:00:17]} 10. dxe5 {[%emt 0:04:07]} dxe5 {[%emt 0:00:17]} 11. Qd2 {[%emt 0:10:24]} g5 {[%emt 0:04:41]} 12. exf5 {[%emt 0:01:19]} Nxf5 {[%emt 0:00:07]} 13. h3 {[%emt 0:03:52]} c6 {[%emt 0:04:07]} 14. Rad1 {[%emt 0:03:41]} Qe7 {[%emt 0:02:18]} 15. Ne4 {[%emt 0:09:04]} Nxe3 {[%emt 0:03:29]} 16. Qxe3 {[%emt 0:01:57]} Nb6 {[%emt 0:02:30]} 17. Nd6 {[%emt 0:05:53]} Rd8 {[%emt 0:08:21]} 18. Nxc8 {[%emt 0:05:46]} Raxc8 {[%emt 0:05:59]} 19. b3 {[%emt 0:00:07]} Rxd1 {[%emt 0:01:04]} 20. Rxd1 {[%emt 0:00:07]} Re8 {[%emt 0:03:31]} 21. h4 {[%emt 0:10:53]} e4 {[%emt 0:02:31]} 22. Re1 {[%emt 0:01:39]} Nc8 {[%emt 0:03:01]} 23. Nd2 {[%emt 0:03:23]} gxh4 {[%emt 0:00:56]} 24. Nxe4 {[%emt 0:00:05]} Rf8 {[%emt 0:04:55]} 25. Re2 {[%emt 0:06:17]} hxg3 {[%emt 0:01:41]} 26. Nxg3 {[%emt 0:00:12]} Qxe3 {[%emt 0:00:32]} 27. Rxe3 {[%emt 0:00:08]} Bd4 {[%emt 0:00:16]} 28. Rf3 {[%emt 0:00:03]} Rxf3 {[%emt 0:00:05]} 29. Bxf3 {[%emt 0:00:02]} Nd6 {[%emt 0:00:06]} 30. Kg2 {[%emt 0:00:05]} Kf7 {[%emt 0:00:15]} 1/2-1/2

[Event "Commonwealth Open 2019"]
[Site "Delhi"]
[Date "2019.07.01"]
[Round "3.5"]
[White "Kunte, Abhijit"]
[Black "Saravana, Krishnan P."]
[Result "1/2-1/2"]
[WhiteElo "2478"]
[BlackElo "2290"]
[Annotator "ChessBase"]
[PlyCount "71"]
[EventDate "2019.06.30"]
[EventType "swiss"]
[EventCountry "IND"]
[SourceTitle "playchess.com"]
[Source "ChessBase"]
[SourceQuality "1"]
[TimeControl "5400+30"]

1. Nf3 {[%emt 0:00:00]} d5 {[%emt 0:00:02]} 2. c4 {[%emt 0:00:44]} c6 {[%emt 0:02:15]} 3. d4 {[%emt 0:02:16]} Nf6 {[%emt 0:00:13]} 4. Qb3 {[%emt 0:00:54]} dxc4 {[%emt 0:01:37]} 5. Qxc4 {[%emt 0:00:06]} Bf5 {[%emt 0:01:18]} 6. g3 {[%emt 0:00:12]} e6 {[%emt 0:00:21]} 7. Bg2 {[%emt 0:00:06]} h6 {[%emt 0:00:38]} 8. O-O {[%emt 0:03:06]} Be7 {[%emt 0:00:11]} 9. e3 {[%emt 0:02:46]} O-O {[%emt 0:00:36]} 10. Rd1 {[%emt 0:02:07]} Nbd7 {[%emt 0:03:52]} 11. Qe2 {[%emt 0:00:17]} Rc8 {[%emt 0:06:30]} 12. Ne1 {[%emt 0:09:30]} Be4 {[%emt 0:01:33]} 13. f3 {[%emt 0:00:21]} Bxb1 {[%emt 0:00:57]} 14. Rxb1 {[%emt 0:00:06]} c5 {[%emt 0:00:03]} 15. dxc5 {[%emt 0:04:38]} Bxc5 {[%emt 0:02:00]} 16. Nd3 {[%emt 0:00:08]} Bb6 {[%emt 0:01:51]} 17. Kh1 {[%emt 0:00:07]} Qc7 {[%emt 0:10:09]} 18. e4 {[%emt 0:15:03]} e5 {[%emt 0:12:12]} 19. Bd2 {[%emt 0:03:42]} Qc4 {[%emt 0:01:00]} 20. Bb4 {[%emt 0:04:27]} Rfe8 {[%emt 0:02:28]} 21. b3 {[%emt 0:00:27]} Qa6 {[%emt 0:02:59]} 22. Bf1 {[%emt 0:00:32]} Bd4 {[%emt 0:01:31]} 23. Rbc1 {[%emt 0:02:43]} Qb6 {[%emt 0:01:30]} 24. Rc2 {[%emt 0:03:46]} Nb8 {[%emt 0:06:10]} 25. Rdc1 {[%emt 0:00:21]} Rxc2 {[%emt 0:01:16]} 26. Qxc2 {[%emt 0:00:11]} Nc6 {[%emt 0:00:20]} 27. Bc5 {[%emt 0:00:13]} Bxc5 {[%emt 0:06:24]} 28. Qxc5 {[%emt 0:00:15]} Nd7 {[%emt 0:01:00]} 29. Qxb6 {[%emt 0:00:45]} axb6 {[%emt 0:00:11]} 30. Kg2 {[%emt 0:05:36]} Rd8 {[%emt 0:04:15]} 31. Kf2 {[%emt 0:02:08]} Kf8 {[%emt 0:02:07]} 32. Ke3 {[%emt 0:05:25]} Ke7 {[%emt 0:02:56]} 33. f4 {[%emt 0:02:24]} f6 {[%emt 0:01:02]} 34. Bh3 {[%emt 0:00:15]} g5 {[%emt 0:02:20]} 35. b4 {[%emt 0:05:27]} Ra8 {[%emt 0:06:33]} 36. Bxd7 {[%emt 0:09:08]} 1/2-1/2

[Event "Commonwealth Open 2019"]
[Site "Delhi"]
[Date "2019.07.01"]
[Round "3.6"]
[White "Sangma, Rahul"]
[Black "Thejkumar, M. S."]
[Result "0-1"]
[WhiteElo "2298"]
[BlackElo "2458"]
[Annotator "ChessBase"]
[PlyCount "46"]
[EventDate "2019.06.30"]
[EventType "swiss"]
[EventCountry "IND"]
[SourceTitle "playchess.com"]
[Source "ChessBase"]
[SourceQuality "1"]
[TimeControl "5400+30"]

1. Nf3 {[%emt 0:00:00]} d5 {[%emt 0:00:16]} 2. e3 {[%emt 0:00:00]} Nf6 {[%emt 0:00:51]} 3. c4 {[%emt 0:00:00]} e6 {[%emt 0:00:22]} 4. b3 {[%emt 0:00:19]} c5 {[%emt 0:01:06]} 5. Bb2 {[%emt 0:00:17]} Nc6 {[%emt 0:00:07]} 6. cxd5 {[%emt 0:00:25]} exd5 {[%emt 0:00:16]} 7. Bb5 {[%emt 0:00:27]} Bd6 {[%emt 0:00:36]} 8. d4 {[%emt 0:01:08]} cxd4 {[%emt 0:08:30]} 9. Nxd4 {[%emt 0:02:54]} O-O {[%emt 0:04:29]} 10. O-O {[%emt 0:05:08]} Bc7 {[%emt 0:00:30]} 11. h3 {[%emt 0:11:40]} Ne4 {[%emt 0:25:42]} 12. Nxc6 {[%emt 0:22:36]} bxc6 {[%emt 0:00:26]} 13. Qd4 {[%emt 0:00:03]} Nf6 {[%emt 0:02:00]} 14. Bd3 {[%emt 0:00:16]} Qd6 {[%emt 0:00:55]} 15. g3 {[%emt 0:03:20]} Bxh3 {[%emt 0:10:44]} 16. Bxh7+ {[%emt 0:01:44]} Kxh7 {[%emt 0:00:26]} 17. Qh4+ {[%emt 0:00:02]} Kg6 {[%emt 0:00:41]} 18. Qxh3 {[%emt 0:00:30]} Rh8 {[%emt 0:00:15]} 19. Qg2 {[%emt 0:00:17]} Ng4 {[%emt 0:08:02]} 20. e4 {[%emt 0:02:26]} Qe6 {[%emt 0:09:46]} 21. Nc3 {[%emt 0:06:48]} Rh2 {[%emt 0:04:10]} 22. Qf3 {[%emt 0:00:07]} Rah8 {[%emt 0:01:33]} 23. Rae1 {[%emt 0:05:55]} Ne5 {[%emt 0:00:40]} 0-1

[Event "Commonwealth Open 2019"]
[Site "Delhi"]
[Date "2019.07.01"]
[Round "3.7"]
[White "Karthikeyan, P.."]
[Black "Srihari L R"]
[Result "1/2-1/2"]
[WhiteElo "2445"]
[BlackElo "2200"]
[Annotator "NA"]
[PlyCount "72"]
[EventDate "2019.06.30"]
[EventType "swiss"]
[EventCountry "IND"]
[SourceTitle "playchess.com"]
[Source "ChessBase"]
[SourceQuality "1"]
[TimeControl "5400+30"]

1. d4 {[%emt 0:00:01]} Nf6 {[%emt 0:00:02]} 2. c4 {[%emt 0:00:30]} c5 {[%emt 0:00:25]} 3. d5 {[%emt 0:01:29]} b5 {[%emt 0:00:20]} 4. Qc2 {[%emt 0:00:45]} b4 {[%emt 0:00:13]} 5. e4 {[%emt 0:01:37]} d6 {[%emt 0:00:39]} 6. h3 {[%emt 0:03:12]} g6 {[%emt 0:02:34]} 7. Nf3 {[%emt 0:00:28]} Bg7 {[%emt 0:00:20]} 8. Bd3 {[%emt 0:01:00]} O-O {[%emt 0:11:21]} 9. O-O {[%emt 0:03:42]} e5 {[%emt 0:00:33]} 10. dxe6 {[%emt 0:03:54]} Bxe6 {[%emt 0:05:52]} 11. Rd1 {[%emt 0:00:33]} Qc7 {[%emt 0:10:23]} 12. Bf4 {[%emt 0:01:09]} Nc6 {[%emt 0:00:28]} 13. Nbd2 {[%emt 0:00:59]} Nd7 {[%emt 0:05:17]} 14. Rab1 {[%emt 0:02:43]} a5 {[%emt 0:05:59]} 15. Nf1 {[%emt 0:06:05]} Nde5 {[%emt 0:06:02]} 16. Qe2 $15 {[%emt 0:00:10]} Rae8 {[%emt 0:18:28]} 17. Ne3 {[%emt 0:02:32]} Nd4 {[%emt 0:00:28]} 18. Nxd4 {[%emt 0:00:49]} cxd4 {[%emt 0:00:02]} 19. Nd5 {[%emt 0:02:34]} Qc5 {[%emt 0:01:28]} 20. Rbc1 {[%emt 0:06:16]} f5 {[%emt 0:13:11]} 21. exf5 {[%emt 0:06:20]} Nxd3 {[%emt 0:02:19]} 22. Qxd3 {[%emt 0:01:29]} Bxd5 {[%emt 0:00:36]} 23. cxd5 {[%emt 0:00:37]} Qxd5 {[%emt 0:00:06]} 24. Qb3 {[%emt 0:22:52]} Qxb3 {[%emt 0:00:45]} 25. axb3 {[%emt 0:00:02]} Rxf5 {[%emt 0:00:20]} 26. Bxd6 {[%emt 0:00:20]} Rd5 {[%emt 0:03:44]} 27. Bf4 {[%emt 0:05:03]} g5 {[%emt 0:00:21]} 28. Bc7 {[%emt 0:07:02]} d3 {[%emt 0:00:54]} 29. Bb6 {[%emt 0:07:40]} d2 {[%emt 0:02:39]} 30. Rb1 {[%emt 0:00:20]} Rc8 {[%emt 0:03:00]} 31. Kf1 {[%emt 0:02:15]} Rc2 {[%emt 0:00:56]} 32. Ra1 {[%emt 0:00:59]} Rb5 {[%emt 0:05:24]} 33. Bd8 {[%emt 0:02:10]} Rd5 {[%emt 0:00:04]} 34. Bb6 {[%emt 0:00:48]} Rb5 {[%emt 0:01:08]} 35. Bd8 {[%emt 0:00:05]} Bxb2 {[%emt 0:00:31]} 36. Rxa5 {[%emt 0:00:40]} Rxa5 {[%emt 0:00:26]} 1/2-1/2